Dragon Ball - Trouve les 90 personnages du Manga original - Statistiques

Statistiques générales
  • Ce quiz a été pris 74 fois
    54 depuis la dernière actualisation
  • Le résultat moyen est 56 sur 90
Statistiques - réponses
Réponse % Correct
Son Gohan
100%
Son Gohan
100%
Son Goku
100%
Yamcha
100%
Bulma
97%
Chichi
97%
Vegeta
97%
Cell
94%
Cell Jr
94%
Freezer
94%
Kame Senin
94%
Krilin
94%
Piccolo
94%
Son Goten
94%
Trunks
94%
C17
92%
C18
92%
Majin Buu
92%
Nappa
92%
C16
89%
C20
89%
Chaozu
89%
Raditz
89%
Ten Shin Han
89%
C19
86%
Tao Paipai
86%
Mr Satan
83%
Oolong
83%
Babidi
78%
Dodoria
78%
Zarbon
78%
Ginyu
75%
Kaio Shin
75%
Le Vieux Kaio shin
75%
Pilaf
75%
Dabra
72%
Mr Popo
72%
Plume
72%
Uub
72%
Yajirobe
72%
Dende
69%
Vegeto
69%
Guldo
67%
Kami
67%
Kiwi
67%
Lunch
67%
Mai
67%
Burter
64%
Jeice
64%
Reecom
64%
Shenron
64%
Karin
58%
C8
56%
Gotenks
56%
Spopovich
56%
Général Red
53%
Gyumao
53%
Kibito
53%
Nail
53%
Kaio du Nord
50%
Roi Cold
50%
Shu
50%
Colonel Blue
47%
Nam
47%
Upa
47%
Pui Pui
44%
Tambourine
44%
Yamu
42%
Bactérie
39%
Yakon
39%
Baba la voyante
36%
Piccolo Daimao
36%
Colonel Black
33%
Dr Brief
33%
Le Grand Doyen
33%
Porunga
33%
Bubbles
28%
Apple
25%
Bee
25%
Bora
25%
Cymbale
22%
Kibitoshin
22%
Lanfan
22%
Arale
19%
Tsuru Senin
19%
Guilan
17%
Ninja Violet
17%
Cargo
6%
Devilman
6%
To Ninjinka
6%
Aucun quiz correspondant
Distribution des résultats
% des personnes avec chaque résultat
Percentile par nombre de réponses
Votre historique - résultats
Vous n’avez pas pris ce quiz depuis la dernière actualisation